GAP'a yönelik politikalar ve örgütlenme önerileri (Record no. 6149)

MARC details
000 -BAŞLIK
Sabit Uzunlukta Kontrol Alanı 00658na a2200229 4500
001 - KONTROL NUMARASI
Denetim Alanı 19236
003 - KONTROL NUMARASI IDENTIFIER
Denetim Alanı MIRAKIL
005 - SON İŞLEM TARİHİ VE ZAMANI
Denetim Alanı 20181213155057.0
008 - SABİT-BOY VERİ ELEMANLARI - GENEL BİLGİLER
Sabit Uzunlukta Kontrol Alanı 161212b tu 000 0
035 ## - SİSTEM KONTROL NUMARASI
Sistem Kontrol Numarası 19236
040 ## - KATALOGLAMA KAYNAK
Orijinal Kataloglama Ajansı Milas
Kataloglama Dili tur
Metne Dönüştürmek Ajansı TR-AnCHP
041 ## - DİL KODU
Metin / Ses Parça Veya Ayrı Başlığın Dil Kodu tur
082 ## - DEWEY ONLU SINIFLANDIRMA NUMARASI
Sınıflandırma Numarası 338.95667
Ürün Numarası G26 [t.y.]
090 ## - SINIFLAMA NUMARASI
Sınıflama Numarası 338.95667 G26 [t.y.]
245 ## - BAŞLIK TABLOSU
Başlık GAP'a yönelik politikalar ve örgütlenme önerileri
Sorumluluk Tablosu, Vb Hazırlayanlar Ayda Eraydın, ...[ve öte.]
260 ## - YAYIN, DAĞITIM, VB
Yayın, Dağıtım, Vb Yeri [y.y.]
Yayıncı, Dağıtıcı, Vs Adı TÜSES Yayınları
Yayın, Dağıtım, Vb Tarihi [t.y.]
300 ## - FİZİKSEL TANIM
Kapsam 40, [10] s.
Diğer Fiziksel Ayrıntıları hrt.
Boyutlar 30 sm.
650 ## - KONU KATMA GİRİŞ - TOPİKAL DÖNEM
Topikal Süreli Veya Coğrafi Ad Giriş Elemanı GAP
Genel Alt Bölümü Örgütlenme
650 ## - KONU KATMA GİRİŞ - TOPİKAL DÖNEM
Topikal Süreli Veya Coğrafi Ad Giriş Elemanı GAP
Genel Alt Bölümü Politikalar
700 ## - KATMA GİRİŞ - KİŞİSEL İSİM
Kişisel Ad Eraydın, Ayda
942 ## - EKLENDİ GİRİŞ ELEMANLARI (KOHA)
Sınıflandırma Veya Raf Düzeni Kaynak
Koha Öğesi Türü Books
999 ## - SİSTEM KONTROL NUMARALARI (KOHA)
Koha Biblionumber 6149
Koha Biblioitemnumber 6149
Holdings
Kalıcı Konum Mevcut Konum Edinme Tarihi Edinim Kaynak Toplam Check-Out'Lar Tam Çağrı Numarası Barkod Tarih Son Görülme İtibaren Geçerli Fiyatlar Koha Öğesi Türü
CHP Kütüphanesi CHP Kütüphanesi 12/12/2016 Bağış   338.95667 G26 [t.y.] 008999 12/12/2016 12/12/2016 Books